| 000 | 00523nam a22001937a 4500 | ||
|---|---|---|---|
| 003 | MPLRDC | ||
| 005 | 20220104142500.0 | ||
| 008 | 210129b ||||| |||| 00| 0 eng d | ||
| 020 | _a986-7307-33-X | ||
| 082 | _a873.4332 CSK | ||
| 100 | _a陈书凯 | ||
| 245 |
_a莎士比亚给人生的101个启示 _c |
||
| 250 | _a初版 | ||
| 260 |
_a _b德威国际文化事业有限公司 _c2005 |
||
| 300 | _b平 | ||
| 490 | _a心灵励志经典. 11 | ||
| 650 | _a英国文学--莎士比亚选集 | ||
| 942 |
_cBK _o873.4332 CSK |
||
| 999 |
_c31248 _d31238 |
||